The earliest Christologies : (Record no. 21572)
[ view plain ]
| 000 -LEADER | |
|---|---|
| fixed length control field | 01634cam a2200337 i 4500 |
| 001 - CONTROL NUMBER | |
| control field | 18921562 |
| 003 - CONTROL NUMBER IDENTIFIER | |
| control field | OSt |
| 005 - DATE AND TIME OF LATEST TRANSACTION | |
| control field | 20260319141704.0 |
| 008 - FIXED-LENGTH DATA ELEMENTS--GENERAL INFORMATION | |
| fixed length control field | 151231s2016 ilu b 001 0 eng |
| 010 ## - LIBRARY OF CONGRESS CONTROL NUMBER | |
| LC control number | 2015050890 |
| 020 ## - INTERNATIONAL STANDARD BOOK NUMBER | |
| International Standard Book Number | 9780830851270 |
| Qualifying information | pbk. : alk. paper |
| 035 ## - SYSTEM CONTROL NUMBER | |
| System control number | 18921562 |
| 040 ## - CATALOGING SOURCE | |
| Original cataloging agency | DLC |
| Language of cataloging | eng |
| Transcribing agency | DLC |
| Description conventions | rda |
| Modifying agency | DLC |
| 042 ## - AUTHENTICATION CODE | |
| Authentication code | pcc |
| 050 00 - LIBRARY OF CONGRESS CALL NUMBER | |
| Classification number | BT198 |
| Item number | .P365 2016 |
| 082 00 - DEWEY DECIMAL CLASSIFICATION NUMBER | |
| Classification number | 232.09/015 |
| Edition number | 23 |
| 100 1# - MAIN ENTRY--PERSONAL NAME | |
| Personal name | Papandrea, James L., |
| Dates associated with a name | 1963- |
| Relator term | author. |
| 245 14 - TITLE STATEMENT | |
| Title | The earliest Christologies : |
| Remainder of title | five images of Christ in the postapostolic age / |
| Statement of responsibility, etc. | James L. Papandrea. |
| 264 #1 - PRODUCTION, PUBLICATION, DISTRIBUTION, MANUFACTURE, AND COPYRIGHT NOTICE | |
| Place of production, publication, distribution, manufacture | Downers Grove, Illinois : |
| Name of producer, publisher, distributor, manufacturer | IVP Academic, an imprint of InterVarsity Press, |
| Date of production, publication, distribution, manufacture, or copyright notice | [2016] |
| 300 ## - PHYSICAL DESCRIPTION | |
| Extent | 132 pages ; |
| Dimensions | 23 cm |
| 336 ## - CONTENT TYPE | |
| Content type term | text |
| Content type code | txt |
| Source | rdacontent |
| 337 ## - MEDIA TYPE | |
| Media type term | unmediated |
| Media type code | n |
| Source | rdamedia |
| 338 ## - CARRIER TYPE | |
| Carrier type term | volume |
| Carrier type code | nc |
| Source | rdacarrier |
| 500 ## - GENERAL NOTE | |
| General note | Includes bibliographical references and indexes. |
| 505 0# - FORMATTED CONTENTS NOTE | |
| Formatted contents note | Five images of Christ in the postapostolic age -- Christ as angel: angel adoptionism -- Christ as prophet: spirit adoptionism -- Christ as phantom: docetism and docetic gnosticism -- Christ as cosmic mind: hybrid gnosticism -- Christ as word: logos Christology -- What, then, is orthodoxy? |
| 600 00 - SUBJECT ADDED ENTRY--PERSONAL NAME | |
| Personal name | Jesus Christ |
| General subdivision | History of doctrines |
| Chronological subdivision | Early church, ca. 30-600. |
| 776 08 - ADDITIONAL PHYSICAL FORM ENTRY | |
| Relationship information | Online version: |
| Main entry heading | Papandrea, James L., 1963- author. |
| Title | Earliest Christologies |
| Place, publisher, and date of publication | Downers Grove : InterVarsity Press, 2016 |
| International Standard Book Number | 9780830899722 |
| Record control number | (DLC) 2016001644 |
| 906 ## - LOCAL DATA ELEMENT F, LDF (RLIN) | |
| a | 7 |
| b | cbc |
| c | orignew |
| d | 1 |
| e | ecip |
| f | 20 |
| g | y-gencatlg |
| 942 ## - ADDED ENTRY ELEMENTS (KOHA) | |
| Source of classification or shelving scheme | Library of Congress Classification |
| Koha item type | General Collection |
| Withdrawn status | Lost status | Source of classification or shelving scheme | Not for loan | Home library | Current library | Shelving location | Date acquired | Source of acquisition | Inventory number | Total Checkouts | Full call number | Barcode | Date last seen | Copy number | Price effective from | Koha item type |
|---|---|---|---|---|---|---|---|---|---|---|---|---|---|---|---|---|
| Library of Congress Classification | Kabarak, Main Campus | Kabarak, Main Campus | General Stacks | 19/03/2026 | Donation | 2025/3568 | BT198 .P365 2016 C.1 | 39890 | 19/03/2026 | C.1 | 19/03/2026 | General Collection | ||||
| Library of Congress Classification | Kabarak, Main Campus | Kabarak, Main Campus | General Stacks | 19/03/2026 | Donation | 2025/3569 | BT198 .P365 2016 C.2 | 39891 | 19/03/2026 | C.2 | 19/03/2026 | General Collection |